00375nam a2200145Ia 4500008004100000020001500041041000800056082001500064100001900079245004500098250000600143260003900149300001100188650003000199210716s2003 xx 000 0 und d a8178085828 aeng a658.3 DESG aDessler, Gary. aFramework for human resource management. a2 aNew DelhibPearson Educationc2003 axi,320 aHuman Resource Management